| 000 | 00470nam a2200169 a 4500 | ||
|---|---|---|---|
| 001 | 3238 | ||
| 003 | CDMR | ||
| 005 | 20131003122928.0 | ||
| 008 | 130130s ||||||||||||||||||||||||||||d | ||
| 040 |
_aCDMR _bcat _cCDMR |
||
| 110 | 2 |
_9598 _aBritish Broadcasting Corporation |
|
| 245 | 1 | 0 |
_aProducers' guidelines _b: the BBC's values and standards |
| 260 |
_bBBC _a[s.l.] _c[s.d.] |
||
| 300 | _a361 p. | ||
| 650 | 0 | 4 |
_9433 _aTelevisió _xProducció i direcció |
| 942 |
_cMON _2udc |
||
| 999 |
_c3238 _d3238 |
||